College Quizbowl Stats
College Quizbowl Stats
Circuits
Seasons
Sets
Records
Detailed Stats
About
Loading...
UK
Tossups
Bonuses
Players
Teams
Categories (Tossup)
Categories (Bonus)
Mariella Michael
North Carolina B
Categories
Category
Powers
Gets
Negs
BBs
Points
Earliest Buzz
Avg. Buzz
First Buzzes
Top 3 Buzzes
BPA
PVF
Science - Biology
0
2
0
1
20
93
115.50
0
0
0.00
0.00
Fine Arts - Other
0
1
0
1
10
134
134.00
0
0
0.00
0.00
Literature - World
0
1
0
0
10
137
137.00
0
0
0.00
0.00
Buzzes
Category
Answer
Value
Buzz Position
Science - Biology
vesicles
10
93
Fine Arts - Other
Bugs Bunny
10
134
Literature - World
Notebook of a Return to the Native Land
10
137
Science - Biology
treadmills
10
138
Previous
1
Next